Datum a čas kvízu
19.5
Celkem bodů
Celkový počet nahraných bodů na tomto kvízu bez doplňovacích otázek.
6.
Pořadí na kvízu
Konečné umístění týmu na tomto kvízu.
Zaznamenané odpovědi
| # | Otázka | Odpověď | Body | Výsledky |
|---|---|---|---|---|
| 1. | Česká advokátní komora uložila... | 0 | ||
| 2. | Rusko slavnostně otevřelo most... | 0 | ||
| 3. | Ve zlínském obchodním a zábavn... | 1 | ||
| 4. | Bývalého hokejového brankáře,... | 0 | ||
| 5. | Němečtí fotbalisté Mesut Özil... | 0 | ||
| 6. | Dědictví aneb Kurvahošigutntag... | 1 | ||
| 7. | Bohuš: "Není to ___, ten Kája?... | 0 | ||
| 8. | Kterou značku cigaret má Bohuš... | 1 | ||
| 9. | Kterou polévku si objednal prá... | 0 | ||
| 10. | Pták, kterého Bohuš koupil Ire... | 1 |